Football : Le Havre AC - Statistiques

Statistiques générales
  • Ce quiz a été pris 136 fois
  • Le résultat moyen est 10 sur 15
Statistiques - réponses
Questions Réponses % Correct
Quel est la couleur principale du maillot du HAC ? Bleu
96%
En quelle année le club est-il remonté en Ligue 1, pour la dernière fois ? 2023
92%
Cela fait de lui le club le plus ______ de France. Ancien
92%
Combien de championnats de France a-t-il remporté ? 0
91%
Avec le HAC, quel club forme le derby normand ? SM Caen
90%
En quelle année a été fondé Le Havre ? 1872
87%
Quel club du même département est également un rival, malgré un niveau bien inférieur ? FC Rouen
85%
D'un prénom féminin, comment s'appelle le Stade du Havre ? Stade Océane
83%
Que signifie le sigle HAC ? Havre Athletic Club
78%
Qui est l'actuel entraîneur du HAC ? Didier Digard
74%
Quel gardien de foot, ayant également évolué du côté du TFC est subitement décédé à l'âge de 49 ans ? Christophe Revault
46%
Quel est le joueur le plus capé ? Alexandre Bonnet
41%
Quel attaquant a notamment brillé en Ligue 2 durant les années 2000, et est actuellement l'entraîneur des attaquant du Havre ? Jean-Michel Lesage
28%
Quel milieu de terrain offensif a joué une partie de sa carrière au Havre et est désormais consultant sur l'Equipe 21 ? Vikash Dhorasoo
23%
Qui est le meilleur buteur de l'histoire du club normand ? Jean Saunier
1%
Aucun quiz correspondant
Distribution des résultats
% des personnes avec chaque résultat
Percentile par nombre de réponses
Votre historique - résultats
Vous n’avez pas pris ce quiz